[Event "4NCL Division Three East"]
[Site "Milton Keynes, ENG"]
[Date "2023.04.29"]
[Round "9.34"]
[White "Gooding, Ian"]
[Black "Duckers, Harvey L"]
[Result "1-0"]
[WhiteElo "1961"]
[BlackElo "2022"]
[PlyCount "91"]
[EventDate "2023.04.29"]
[WhiteTeam "Cambridge University 2"]
[BlackTeam "Crowthorne A"]

1. e4 c5 2. Nf3 e6 3. d4 cxd4 4. Nxd4 a6 5. Bd3 Nf6 6. O-O d6 7. c4 Be7 8. Qe2
Nbd7 9. Nc3 Qc7 10. Bd2 g6 11. Bh6 Qc5 12. Nb3 Qh5 13. Qd2 Ng4 14. Bf4 g5 15.
Bg3 Nge5 16. Rad1 Rg8 17. Be2 Qg6 18. c5 dxc5 19. Nxc5 h5 20. Nxd7 Nxd7 21. Bd6
Bd8 22. Rfe1 g4 23. Bc4 Qg5 24. Qxg5 Rxg5 25. e5 Nb6 26. Bb3 Bd7 27. Ne4 Rg6
28. Bc5 Nc8 29. Bc2 Rg8 30. Rd2 Bc6 31. Red1 Be7 32. Nf6+ Bxf6 33. exf6 Bd5 34.
Bb3 Kd7 35. Bxd5 exd5 36. Rxd5+ Kc6 37. Rxh5 b6 38. Be3 Ra7 39. Rhd5 Re8 40.
Rg5 Re4 41. Rc1+ Kb7 42. Rd5 Kb8 43. g3 Rc7 44. Bf4 Rxf4 45. Rxc7 Rxf6 46. Rc4
1-0

[Event "4NCL Division Three East"]
[Site "Milton Keynes, ENG"]
[Date "2023.04.29"]
[Round "9.35"]
[White "Purdon, Colin"]
[Black "Borrowdale, Graham E"]
[Result "0-1"]
[WhiteElo "1975"]
[BlackElo "1925"]
[PlyCount "112"]
[EventDate "2023.04.29"]
[WhiteTeam "Crowthorne A"]
[BlackTeam "Cambridge University 2"]

1. d4 Nf6 2. c4 e6 3. g3 d5 4. Bg2 c5 5. cxd5 exd5 6. Nf3 Nc6 7. O-O Be7 8. Nc3
O-O 9. dxc5 Bxc5 10. Bg5 d4 11. Bxf6 Qxf6 12. Nd5 Qd8 13. Nd2 a6 14. Nb3 Ba7
15. Qd2 Re8 16. Rfe1 Bg4 17. h3 Bxh3 18. Bxh3 Qxd5 19. Rac1 Rad8 20. Bg2 Qd6
21. Na5 Nxa5 22. Qxa5 d3 23. exd3 Qxg3 24. Rxe8+ Rxe8 25. Qf5 g6 26. Qf3 Qxf3
27. Bxf3 Re7 28. Rc8+ Kg7 29. Rd8 Re1+ 30. Kg2 Rb1 31. Rd7 Rxb2 32. Rxb7 Rxb7
33. Bxb7 a5 34. a4 Kf6 35. Bd5 Ke7 36. Kg3 f5 37. Bc4 Kf6 38. f4 h6 39. Bb5 g5
40. Kf3 Bd4 41. Be8 Bb2 42. Kg3 Bc1 43. fxg5+ hxg5 44. Bd7 Bb2 45. Bc8 Ke5 46.
Bd7 Bc3 47. Bc8 Be1+ 48. Kg2 Bc3 49. Bd7 g4 50. Bc8 Kf4 51. Bd7 Kg5 52. Bc8 f4
53. Bb7 f3+ 54. Kg3 Be5+ 55. Kf2 Kf4 56. Kf1 g3 0-1

[Event "4NCL Division Three East"]
[Site "Milton Keynes, ENG"]
[Date "2023.04.29"]
[Round "9.36"]
[White "Webster, Peter A N"]
[Black "Tart, Peter K"]
[Result "0-1"]
[WhiteElo "1910"]
[BlackElo "1856"]
[PlyCount "90"]
[EventDate "2023.04.29"]
[WhiteTeam "Cambridge University 2"]
[BlackTeam "Crowthorne A"]

1. e4 e5 2. Nf3 Nf6 3. Nxe5 Nxe4 4. Qe2 Qe7 5. Qxe4 d6 6. d4 dxe5 7. dxe5 Nc6
8. Nc3 Qxe5 9. Qxe5+ Nxe5 10. Nb5 Bb4+ 11. c3 Ba5 12. Bf4 f6 13. O-O-O O-O 14.
Bxe5 fxe5 15. Bc4+ Kh8 16. f3 a6 17. Na3 Bf5 18. Rd5 b5 19. Rxe5 c5 20. Bd5
Rae8 21. Rxe8 Rxe8 22. g4 Bg6 23. f4 Bd3 24. Kd2 c4 25. Re1 Rd8 26. Re7 g5 27.
Bb7 gxf4 28. Bxa6 Bb6 29. Ke1 f3 30. Rf7 Re8+ 31. Kd1 f2 32. Rxf2 Bxf2 33. Bxb5
Re1+ 34. Kd2 Re2+ 35. Kd1 Rxb2 36. Bxc4 Bxc4 37. Nxc4 Rxa2 38. Nd2 Kg7 39. Ke2
Bh4 40. Kd3 Kg6 41. Nf3 Bf6 42. c4 Ra3+ 43. Ke4 Rc3 44. g5 Rxc4+ 45. Kd5 Rf4
0-1

[Event "4NCL Division Three East"]
[Site "Milton Keynes, ENG"]
[Date "2023.04.29"]
[Round "9.41"]
[White "Brown, Thomas"]
[Black "Seymour, Timothy P"]
[Result "1-0"]
[WhiteElo "2104"]
[BlackElo "2116"]
[PlyCount "55"]
[EventDate "2023.04.29"]
[WhiteTeam "Rhyfelwyr Essyllwg"]
[BlackTeam "Surbiton"]

{[%evp 0,55,41,28,23,-14,-16,-19,-17,-27,-27,-38,4,4,0,-3,18,-12,-4,-8,1,1,-5,
-5,-4,-6,11,-24,-25,-53,-53,-53,-49,-45,-38,-38,151,-14,63,20,1,-9,-9,-13,-13,
-13,124,310,386,275,275,321,324,324,324,325,325,325]} 1. d4 d5 2. c4 e6 3. Nc3
Nf6 4. cxd5 exd5 5. Bf4 Bd6 6. Bxd6 Qxd6 7. e3 Bf5 8. Bd3 Bxd3 9. Qxd3 c6 10.
Nge2 Nbd7 11. O-O O-O 12. f3 Rfe8 13. e4 dxe4 14. fxe4 Nc5 15. Rxf6 gxf6 16.
Qe3 Ne6 17. Rf1 c5 18. e5 fxe5 19. Ne4 Qf8 20. Nf6+ Kh8 21. Qxe5 Ng7 22. Qg5
Ne6 23. Qh5 Qg7 24. Nxe8 Rxe8 25. Rxf7 Qg6 26. Rxh7+ Qxh7 27. Qxe8+ Qg8 28.
Qh5+ 1-0

[Event "4NCL Division Three East"]
[Site "Milton Keynes, ENG"]
[Date "2023.04.29"]
[Round "9.42"]
[White "Scott, David A"]
[Black "Smith, Olivia"]
[Result "0-1"]
[WhiteElo "2063"]
[BlackElo "2085"]
[PlyCount "38"]
[EventDate "2023.04.29"]
[WhiteTeam "Surbiton"]
[BlackTeam "Rhyfelwyr Essyllwg"]

1. d4 Nf6 2. c4 g6 3. Nc3 Bg7 4. e4 d6 5. h3 Nbd7 6. Be3 e5 7. d5 Nc5 8. f3 Nh5
9. Nge2 O-O 10. Qd2 Nf4 11. Nxf4 exf4 12. Bxf4 f5 13. Bg5 Qe8 14. O-O-O fxe4
15. Nxe4 Qa4 16. Nc3 Qa5 17. Be2 Bf5 18. Ne4 Qxa2 19. Qb4 Nb3+ 0-1

[Event "4NCL Division Three East"]
[Site "Milton Keynes, ENG"]
[Date "2023.04.29"]
[Round "9.43"]
[White "Young, Alan"]
[Black "Dupre, Paul D"]
[Result "1-0"]
[WhiteElo "2051"]
[BlackElo "1943"]
[PlyCount "107"]
[EventDate "2023.04.29"]
[WhiteTeam "Rhyfelwyr Essyllwg"]
[BlackTeam "Surbiton"]

1. e4 c5 2. Nf3 g6 3. d4 cxd4 4. Nxd4 Nf6 5. Nc3 Nc6 6. Nxc6 bxc6 7. e5 Ng8 8.
Bc4 Bg7 9. Qf3 e6 10. Bf4 Ne7 11. O-O O-O 12. Ne4 Nd5 13. Bg5 f6 14. exf6 Nxf6
15. Nxf6+ Bxf6 16. Bxf6 Qxf6 17. Qxf6 Rxf6 18. f4 Rb8 19. b3 a5 20. a4 d5 21.
Bd3 Kg7 22. Rae1 Rb4 23. g3 Bd7 24. Re5 c5 25. Rd1 Kf7 26. h4 c4 27. Bxc4 Bxa4
28. Bxd5 exd5 29. bxa4 d4 30. Rxa5 Rc6 31. Rd2 h5 32. Ra7+ Kf6 33. a5 Kf5 34.
Kf2 Kg4 35. Rd7 Rc3 36. a6 Rf3+ 37. Ke2 Re3+ 38. Kf2 Rf3+ 39. Ke1 Rxg3 40.
R7xd4 Re3+ 41. Kf2 Rf3+ 42. Ke2 Rb6 43. Rd6 Rxd6 44. Rxd6 Rxf4 45. a7 Re4+ 46.
Kd3 Re8 47. Rd4+ Kf5 48. Ra4 Ra8 49. Kc4 g5 50. hxg5 Kxg5 51. Kb5 h4 52. Kb6 h3
53. Kb7 h2 54. Ra1 1-0

[Event "4NCL Division Three East"]
[Site "Milton Keynes, ENG"]
[Date "2023.04.29"]
[Round "9.44"]
[White "Faulks, Nick"]
[Black "Hewitt, William"]
[Result "1/2-1/2"]
[WhiteElo "1804"]
[BlackElo "1997"]
[PlyCount "74"]
[EventDate "2023.04.29"]
[WhiteTeam "Surbiton"]
[BlackTeam "Rhyfelwyr Essyllwg"]

1. c4 Nf6 2. Nc3 g6 3. e4 d6 4. d4 Bg7 5. Bg5 O-O 6. f3 c5 7. d5 Nbd7 8. Qd2 a6
9. Nge2 Rb8 10. Ng3 Qc7 11. Be2 Re8 12. O-O e6 13. dxe6 Rxe6 14. f4 h6 15. f5
gxf5 16. Bxf6 Nxf6 17. Nxf5 Kh7 18. Qf4 Ng8 19. Bd3 Be5 20. Qh4 Rg6 21. Rf3 Be6
22. Nd5 Qd7 23. Nf4 b5 24. Nxg6 fxg6 25. Ne3 Bxb2 26. Raf1 Re8 27. e5 Bxe5 28.
Ng4 Bd4+ 29. Kh1 bxc4 30. Bc2 Qg7 31. Qg3 Rd8 32. Qe1 Re8 33. Qg3 h5 34. Qh4
Kh8 35. Ne3 Nh6 36. Qg5 Rg8 37. Rg3 Be5 1/2-1/2

[Event "4NCL Division Three East"]
[Site "Milton Keynes, ENG"]
[Date "2023.04.29"]
[Round "9.45"]
[White "Van Kemenade, Rudy"]
[Black "Davies, Neil"]
[Result "1-0"]
[WhiteElo "1936"]
[BlackElo "1837"]
[PlyCount "59"]
[EventDate "2023.04.29"]
[WhiteTeam "Rhyfelwyr Essyllwg"]
[BlackTeam "Surbiton"]

1. f4 e5 2. fxe5 d6 3. exd6 Bxd6 4. Nf3 Nf6 5. d4 O-O 6. g3 c5 7. c3 Qe7 8. Bg2
Re8 9. Bg5 cxd4 10. cxd4 Bb4+ 11. Nc3 h6 12. Bxf6 Qxf6 13. O-O Bxc3 14. bxc3
Qe7 15. Rf2 Nd7 16. Qd3 Qe3 17. Qxe3 Rxe3 18. Rc1 Nf6 19. Ne5 Ne4 20. Bxe4 Rxe4
21. Nxf7 Bg4 22. Rc2 Rf8 23. Nd6 Rxf2 24. Kxf2 Re7 25. e4 b6 26. e5 Bd7 27. c4
Re6 28. Re2 Kf8 29. d5 Rg6 30. e6 1-0

[Event "4NCL Division Three East"]
[Site "Milton Keynes, ENG"]
[Date "2023.04.29"]
[Round "9.46"]
[White "Boughen, Andrew"]
[Black "Trevelyan, John"]
[Result "1/2-1/2"]
[WhiteElo "1775"]
[BlackElo "1865"]
[PlyCount "74"]
[EventDate "2023.04.29"]
[WhiteTeam "Surbiton"]
[BlackTeam "Rhyfelwyr Essyllwg"]

1. d4 d6 2. Nf3 Nd7 3. e4 Ngf6 4. e5 Nd5 5. Bc4 e6 6. O-O N5b6 7. Bb3 dxe5 8.
Nxe5 Nxe5 9. dxe5 Qxd1 10. Rxd1 Bd7 11. a4 Bc6 12. Nc3 Bc5 13. Nb5 Bxb5 14.
axb5 Nd7 15. Bf4 O-O-O 16. Rd3 Bb6 17. Bg5 Rde8 18. Bf4 Nc5 19. Rf3 Nxb3 20.
Rxb3 Rd8 21. Kf1 Rd5 22. Rc1 Rhd8 23. Ke2 Rc5 24. Bg3 Rcd5 25. Bf4 Ba5 26. g3
h6 27. h4 Bb6 28. c4 R5d7 29. Ra3 Bd4 30. Rc2 Bc5 31. b4 Bxb4 32. Rxa7 b6 33.
Rca2 Ba5 34. c5 Kb8 35. cxb6 cxb6 36. Rxd7 Rxd7 37. Bd2 Bxd2 1/2-1/2

[Event "4NCL Division Three East"]
[Site "Milton Keynes, ENG"]
[Date "2023.04.29"]
[Round "9.51"]
[White "Ortiz Sanchez, Luis"]
[Black "Karumazondo, Ernest"]
[Result "1-0"]
[WhiteElo "2056"]
[BlackElo "2080"]
[PlyCount "47"]
[EventDate "2023.04.29"]
[WhiteTeam "Iceni 1"]
[BlackTeam "Watford A"]

1. e4 e5 2. Bc4 Nf6 3. d4 exd4 4. Nf3 Nc6 5. e5 d5 6. Bb5 Ne4 7. Nxd4 Bc5 8.
Be3 Bd7 9. Bxc6 bxc6 10. Nd2 Qe7 11. Nxe4 dxe4 12. e6 Bc8 13. Nxc6 Qd6 14.
exf7+ Kf8 15. Bxc5 Qxc5 16. Qd8+ Kxf7 17. Qxh8 Qxc6 18. Qxh7 Qb5 19. Qxe4 Rb8
20. a4 Qg5 21. Qc4+ Kg6 22. O-O Rxb2 23. Qxc7 Kh7 24. Qxc8 1-0

[Event "4NCL Division Three East"]
[Site "Milton Keynes, ENG"]
[Date "2023.04.29"]
[Round "9.52"]
[White "Rubeck, Jonathan"]
[Black "Sagues, Vincent"]
[Result "0-1"]
[WhiteElo "1918"]
[BlackElo "2066"]
[PlyCount "86"]
[EventDate "2023.04.29"]
[WhiteTeam "Watford A"]
[BlackTeam "Iceni 1"]

1. e4 d5 2. exd5 Qxd5 3. Nc3 Qd8 4. d4 Nf6 5. h3 c6 6. Nf3 Bf5 7. Ne5 Nbd7 8.
Nxd7 Qxd7 9. Be3 e6 10. a3 Bd6 11. Bd3 Bxd3 12. Qxd3 Nd5 13. Nxd5 cxd5 14. O-O
O-O 15. f4 f5 16. Rae1 Rac8 17. Rf3 Rf6 18. c3 Qc7 19. Qd2 Rg6 20. Bf2 a6 21.
Bh4 b5 22. Bg5 Kf7 23. Qf2 h6 24. Bh4 Rb8 25. Qd2 a5 26. Kh1 Qc4 27. Qe3 Qc8
28. g3 Qd7 29. Rg1 Be7 30. Bxe7 Qxe7 31. Qf2 Rf6 32. Re3 g5 33. Re5 Qa7 34.
Rge1 b4 35. axb4 axb4 36. Qe2 bxc3 37. bxc3 gxf4 38. gxf4 Rg8 39. Rb1 Rfg6 40.
Qh5 Kf6 41. Re2 Kg7 42. Reb2 Kh8 43. Rb7 Qxb7 0-1

[Event "4NCL Division Three East"]
[Site "Milton Keynes, ENG"]
[Date "2023.04.29"]
[Round "9.53"]
[White "Calvert, D Ian"]
[Black "Nelson, Omowale"]
[Result "1-0"]
[WhiteElo "2022"]
[BlackElo "1973"]
[PlyCount "97"]
[EventDate "2023.04.29"]
[WhiteTeam "Iceni 1"]
[BlackTeam "Watford A"]

1. b3 e5 2. Bb2 Nc6 3. e3 g6 4. d4 Bg7 5. Nf3 d6 6. dxe5 Nxe5 7. Nxe5 Bxe5 8.
Bxe5 dxe5 9. Qxd8+ Kxd8 10. Nc3 c6 11. O-O-O+ Kc7 12. Be2 Be6 13. Rd2 Nf6 14.
h3 Rhd8 15. Rhd1 Rxd2 16. Rxd2 b5 17. Bf3 a5 18. Nxb5+ Kb6 19. Nc3 Kc7 20. a4
Rb8 21. Kb2 Rb4 22. e4 Nd7 23. Na2 Rb8 24. Nc1 Nc5 25. Kc3 Rb4 26. Nd3 Nxe4+
27. Bxe4 Rxe4 28. Nc5 Rf4 29. Nxe6+ fxe6 30. Re2 Kd6 31. f3 Rd4 32. Kb2 Rd5 33.
c3 Kc7 34. Kc2 Kd6 35. Re4 Kc7 36. h4 h5 37. g4 Kd6 38. g5 Kd7 39. b4 axb4 40.
cxb4 Kc7 41. Kc3 Kb6 42. Kc4 c5 43. a5+ Ka6 44. bxc5 Kxa5 45. f4 exf4 46. Rxe6
Rf5 47. Rf6 f3 48. Rxf5 gxf5 49. Kd3 1-0

[Event "4NCL Division Three East"]
[Site "Milton Keynes, ENG"]
[Date "2023.04.29"]
[Round "9.54"]
[White "Lancaster, Roger"]
[Black "Hughes, Roy"]
[Result "1/2-1/2"]
[WhiteElo "1959"]
[BlackElo "2050"]
[PlyCount "124"]
[EventDate "2023.04.29"]
[WhiteTeam "Watford A"]
[BlackTeam "Iceni 1"]

1. e4 d5 2. exd5 Qxd5 3. Nc3 Qd6 4. d4 Nf6 5. Nf3 c6 6. g3 Bg4 7. Bf4 Bxf3 8.
Qxf3 Qxd4 9. Rd1 Qb4 10. a3 Qb6 11. b4 Nbd7 12. Na4 Qd8 13. Nc5 Qc8 14. Bh3 e6
15. Nxd7 Nxd7 16. O-O Be7 17. Rfe1 Nf6 18. Qb3 Nd5 19. Be5 O-O 20. c4 Nf6 21.
f4 Rd8 22. Qf3 Rxd1 23. Rxd1 Qe8 24. Kg2 Rc8 25. Rd3 Nd7 26. Bc3 Nb6 27. Qe4
Rd8 28. Kf1 Rd7 29. Kf2 Qd8 30. Bd4 Bf6 31. Bxb6 Qxb6+ 32. c5 Qd8 33. Ke3 g6
34. a4 Rd5 35. Bg2 Kf8 36. Qc4 Rxd3+ 37. Qxd3 Qxd3+ 38. Kxd3 Ke8 39. b5 Kd7 40.
bxc6+ bxc6 41. g4 h6 42. h3 Bb2 43. f5 exf5 44. gxf5 gxf5 45. Bf3 f6 46. Bg2
Be5 47. Bf3 Bg3 48. Kc4 Bf2 49. Kb4 Kc7 50. Bh5 Kb7 51. Bf3 Be3 52. Bh5 f4 53.
Bf3 f5 54. Bh5 a5+ 55. Kc4 Kc7 56. Bf3 Kd7 57. Bg2 h5 58. h4 Bf2 59. Bf3 Bxh4
60. Bxh5 Be1 61. Kd4 Bf2+ 62. Kc4 Be3 1/2-1/2

[Event "4NCL Division Three East"]
[Site "Milton Keynes, ENG"]
[Date "2023.04.29"]
[Round "9.55"]
[White "Gibbs, Dominic V"]
[Black "Taylor, Alistair"]
[Result "1-0"]
[WhiteElo "1948"]
[BlackElo "1865"]
[PlyCount "123"]
[EventDate "2023.04.29"]
[WhiteTeam "Iceni 1"]
[BlackTeam "Watford A"]

1. e4 e5 2. Nf3 Nf6 3. d3 Nc6 4. c3 d5 5. Nbd2 dxe4 6. dxe4 Bc5 7. Bb5 O-O 8.
O-O Bg4 9. h3 Bxf3 10. Qxf3 Ne7 11. b4 Bb6 12. Nc4 c6 13. Ba4 Bc7 14. Bc2 b5
15. Ne3 a5 16. Bb2 a4 17. a3 Bb6 18. Rad1 Qc7 19. c4 Bxe3 20. Qxe3 Ng6 21. cxb5
cxb5 22. Bd3 Qb7 23. g3 Rfe8 24. Qe2 Rab8 25. Rc1 h5 26. Rc5 h4 27. Kh2 Qa8 28.
Re1 Rb6 29. Bxb5 Rd8 30. Bc4 hxg3+ 31. fxg3 Rbd6 32. Bc3 Nd7 33. Bd5 Qb8 34.
Rc6 Ne7 35. Rxd6 Qxd6 36. Rd1 Qc7 37. Bb2 Qb6 38. Bc4 Qa7 39. Bb5 Kf8 40. Kg2
Ke8 41. Bxe5 g6 42. Bf6 Qb6 43. Bh4 f6 44. g4 g5 45. Bf2 Qb7 46. Bxa4 Ng6 47.
Bg3 Nh4+ 48. Bxh4 gxh4 49. Qd3 Qb8 50. Qd6 Qa8 51. Bxd7+ Kf7 52. Qd5+ Kg7 53.
Qxa8 Rxa8 54. a4 Kg6 55. a5 Kg5 56. Rd5+ Kf4 57. Rf5+ Ke3 58. Rxf6 Rd8 59. Rf3+
Ke2 60. Bb5+ Ke1 61. Re3+ Kd2 62. Rd3+ 1-0

[Event "4NCL Division Three East"]
[Site "Milton Keynes, ENG"]
[Date "2023.04.29"]
[Round "9.56"]
[White "Shine, Patrick"]
[Black "Reynolds, D Ian W"]
[Result "1-0"]
[WhiteElo "1727"]
[BlackElo "1911"]
[PlyCount "69"]
[EventDate "2023.04.29"]
[WhiteTeam "Watford A"]
[BlackTeam "Iceni 1"]

1. e4 e5 2. Nf3 Nc6 3. d4 exd4 4. c3 d5 5. e5 dxc3 6. Bb5 cxb2 7. Bxb2 Bb4+ 8.
Nbd2 Nge7 9. O-O O-O 10. Qa4 Bd7 11. Rfd1 a6 12. Bd3 Bxd2 13. Rxd2 Nxe5 14.
Bxh7+ Kh8 15. Qd4 N7c6 16. Qxd5 Be6 17. Qe4 f5 18. Qf4 Nxf3+ 19. gxf3 Kxh7 20.
Rxd8 Rfxd8 21. Re1 Re8 22. Qxc7 Re7 23. Qf4 g5 24. Qc1 Rae8 25. Qc3 Rf7 26. a3
Nd8 27. h3 Rg8 28. Kh2 Bd5 29. Re5 Bc6 30. Qc5 Kg6 31. Qd6+ Rf6 32. Qc7 Bxf3
33. Re7 Rc6 34. Qe5 Be4 35. Rg7+ 1-0

[Event "4NCL Division Three West"]
[Site "Daventry, ENG"]
[Date "2022.10.22"]
[Round "1.11"]
[White "Shearsby, Jude"]
[Black "Baker, Chris W"]
[Result "0-1"]
[WhiteElo "2089"]
[BlackElo "2249"]
[PlyCount "70"]
[EventDate "2022.10.22"]
[WhiteTeam "Warwickshire Select 2"]
[BlackTeam "Warwickshire Select 1"]

1. e4 e5 2. Nf3 Nc6 3. Bc4 Nf6 4. Ng5 d5 5. exd5 Na5 6. Bb5+ Bd7 7. Qe2 Bd6 8.
Bxd7+ Qxd7 9. Nc3 O-O 10. O-O c6 11. dxc6 Nxc6 12. d3 Nd4 13. Qd1 Qg4 14. Nge4
Qxd1 15. Nxf6+ gxf6 16. Rxd1 Nxc2 17. Rb1 Rfd8 18. Nd5 Kg7 19. Ne3 Nd4 20. Bd2
Rac8 21. Kf1 Kg6 22. Bc3 Bc5 23. Nc4 b5 24. Na5 Ne6 25. Nb7 Rd5 26. Nxc5 Nxc5
27. d4 Rcd8 28. Rbc1 Ne6 29. Ba5 R8d7 30. Rc8 Rxd4 31. Rdc1 Rd1+ 32. Rxd1 Rxd1+
33. Ke2 Rb1 34. g4 Rxb2+ 35. Kf3 Kg7 0-1

[Event "4NCL Division Three West"]
[Site "Daventry, ENG"]
[Date "2022.10.22"]
[Round "1.12"]
[White "Pitcher, John"]
[Black "Dicen, Elis Denele"]
[Result "1-0"]
[WhiteElo "2201"]
[BlackElo "1970"]
[PlyCount "121"]
[EventDate "2022.10.22"]
[WhiteTeam "Warwickshire Select 1"]
[BlackTeam "Warwickshire Select 2"]

1. e4 c6 2. d4 d5 3. exd5 cxd5 4. Bd3 Nc6 5. c3 Qc7 6. h3 Nf6 7. Nf3 g6 8. O-O
Bg7 9. Re1 O-O 10. Nbd2 Bf5 11. Bb5 Ne4 12. Nxe4 Bxe4 13. Nd2 Bf5 14. Nf1 a6
15. Ba4 b5 16. Bb3 Rfd8 17. Bg5 h6 18. Bh4 g5 19. Ne3 e6 20. Bg3 Qd7 21. Nxf5
exf5 22. f4 b4 23. Qh5 f6 24. Re3 bxc3 25. bxc3 Qf7 26. Qf3 Ra7 27. Rae1 Ne7
28. Re6 a5 29. fxg5 fxg5 30. Bd6 Nc8 31. Bc5 Rad7 32. Ba4 Rb7 33. Re8+ Rxe8 34.
Rxe8+ Kh7 35. Rxc8 Rb1+ 36. Kh2 Rb2 37. a3 Ra2 38. Bb3 Rb2 39. Qxd5 Qxd5 40.
Bxd5 Kg6 41. Rc6+ Kh7 42. Bf7 Rb8 43. Bg6+ Kg8 44. Bxf5 a4 45. Bd6 Rd8 46. Be5
Bxe5+ 47. dxe5 Re8 48. Rc8 Rxc8 49. Bxc8 Kf7 50. c4 Ke7 51. c5 h5 52. c6 h4 53.
c7 Kf7 54. Bf5 g4 55. hxg4 Kg7 56. c8=Q h3 57. g5 hxg2 58. Qd7+ Kf8 59. Bg6 Kg8
60. Qf7+ Kh8 61. Qf8# 1-0

[Event "4NCL Division Three West"]
[Site "Daventry, ENG"]
[Date "2022.10.22"]
[Round "1.13"]
[White "Sandhu, Manvith"]
[Black "Brooks, Phil J"]
[Result "1/2-1/2"]
[WhiteElo "1932"]
[BlackElo "2127"]
[PlyCount "53"]
[EventDate "2022.10.22"]
[WhiteTeam "Warwickshire Select 2"]
[BlackTeam "Warwickshire Select 1"]

1. e4 e6 2. d4 d5 3. Bd3 dxe4 4. Bxe4 Nf6 5. Bf3 Nbd7 6. Ne2 Bd6 7. O-O O-O 8.
Nbc3 e5 9. Bg5 h6 10. Be3 Re8 11. Ng3 exd4 12. Bxd4 Ne5 13. Re1 Bg4 14. Bxg4
Nexg4 15. Rxe8+ Qxe8 16. h3 Ne5 17. Nf5 Bf8 18. Qe2 Ned7 19. Re1 Qxe2 20. Rxe2
a6 21. a3 Bc5 22. Bxc5 Nxc5 23. Ne7+ Kf8 24. Ned5 Nxd5 25. Nxd5 Ne6 26. Ne3 Rd8
27. Re1 1/2-1/2

[Event "4NCL Division Three West"]
[Site "Daventry, ENG"]
[Date "2022.10.22"]
[Round "1.14"]
[White "Shephard, Chris C W"]
[Black "Dicen, Imogen"]
[Result "1-0"]
[WhiteElo "2192"]
[BlackElo "1940"]
[PlyCount "119"]
[EventDate "2022.10.22"]
[WhiteTeam "Warwickshire Select 1"]
[BlackTeam "Warwickshire Select 2"]

1. Nf3 g6 2. g3 Bg7 3. d4 f5 4. Bg2 Nf6 5. O-O O-O 6. c4 c6 7. Nc3 d6 8. d5 e5
9. dxe6 Bxe6 10. Qd3 Na6 11. Ng5 Qd7 12. b3 Nc5 13. Qc2 Nfe4 14. Ngxe4 Nxe4 15.
Bb2 Nxc3 16. Bxc3 Bxc3 17. Qxc3 f4 18. Rad1 Rad8 19. Rd4 Qg7 20. Qd2 fxg3 21.
hxg3 Qe5 22. Rd1 Rd7 23. Re4 Qf6 24. Rf4 Qg7 25. Rxf8+ Qxf8 26. Qe3 Qf7 27.
Qxa7 d5 28. Qb8+ Kg7 29. Qe5+ Qf6 30. Qxf6+ Kxf6 31. cxd5 Bxd5 32. e4 Be6 33.
Rxd7 Bxd7 34. f4 b6 35. e5+ Ke7 36. b4 c5 37. bxc5 bxc5 38. Be4 Bb5 39. Kf2 Ke6
40. Ke3 Ba6 41. a4 Kd7 42. a5 Ke6 43. Kd2 Ke7 44. Kc3 Ke6 45. Kd2 Ke7 46. Bd3
c4 47. Be4 Ke6 48. Kc3 Bb5 49. Kd4 Ba6 50. Bd5+ Kf5 51. Bxc4 Bb7 52. a6 Bxa6
53. Bxa6 Kg4 54. e6 Kxg3 55. Ke3 h5 56. e7 h4 57. e8=Q h3 58. Qxg6+ Kh2 59. Kf2
Kh1 60. Qg1# 1-0

[Event "4NCL Division Three West"]
[Site "Daventry, ENG"]
[Date "2022.10.22"]
[Round "1.15"]
[White "Vaidyanathan, Adithya"]
[Black "Cooper, David M"]
[Result "1/2-1/2"]
[WhiteElo "1644"]
[BlackElo "2007"]
[PlyCount "74"]
[EventDate "2022.10.22"]
[WhiteTeam "Warwickshire Select 2"]
[BlackTeam "Warwickshire Select 1"]

1. Nf3 d5 2. d4 Nf6 3. c4 c6 4. cxd5 cxd5 5. Bf4 Nc6 6. Nbd2 Qb6 7. e3 Bf5 8.
Qb3 e6 9. Bb5 Nd7 10. O-O Be7 11. Rac1 O-O 12. a3 Rac8 13. Rc3 Na5 14. Qa4 Rxc3
15. bxc3 Bc2 16. Qxc2 Qxb5 17. Rb1 Qa6 18. Qb2 Rc8 19. e4 dxe4 20. Nxe4 Qd3 21.
Re1 b6 22. Nfd2 Qa6 23. Qa2 Nc4 24. Nxc4 Qxc4 25. Qd2 Nf6 26. Nxf6+ Bxf6 27.
Re3 Be7 28. Rg3 Qb3 29. h3 Qxa3 30. Be5 g6 31. c4 Qb4 32. Qh6 Bf8 33. Qf4 Bg7
34. Rf3 Qe7 35. Bd6 Qd7 36. c5 bxc5 37. dxc5 Qb7 1/2-1/2

[Event "4NCL Division Three West"]
[Site "Daventry, ENG"]
[Date "2022.10.22"]
[Round "1.21"]
[White "Brackmann, Hendrik"]
[Black "Mercs, Peter J"]
[Result "0-1"]
[WhiteElo "2070"]
[BlackElo "2059"]
[PlyCount "80"]
[EventDate "2022.10.22"]
[WhiteTeam "Oxford 2"]
[BlackTeam "Ashfield 1"]

1. e4 c5 2. Nf3 d6 3. d4 cxd4 4. Nxd4 Nf6 5. Nc3 e6 6. g4 h6 7. Rg1 Nc6 8. Be3
a6 9. Qe2 Qc7 10. O-O-O Bd7 11. h4 O-O-O 12. g5 hxg5 13. hxg5 Nh5 14. g6 fxg6
15. Rxg6 Nf6 16. f4 Nxd4 17. Rxd4 Bc6 18. Bg2 e5 19. Rc4 b5 20. Nd5 Nxd5 21.
exd5 bxc4 22. dxc6 d5 23. fxe5 Qa5 24. Qg4+ Kc7 25. Qg3 c3 26. Qf2 Qb4 27. bxc3
Qa3+ 28. Kd2 Rb8 29. Bxd5 Rb1 30. Rxg7+ Be7 31. Ke2 Rb2 32. Kf1 Rbb8 33. Bc5
Qc1+ 34. Qe1 Rbf8+ 35. Kg2 Qxc2+ 36. Bf2 Rxf2+ 37. Kg1 Rhf8 38. Rxe7+ Kd8 39.
Rd7+ Kc8 40. Rg7 Rf1+ 0-1

[Event "4NCL Division Three West"]
[Site "Daventry, ENG"]
[Date "2022.10.22"]
[Round "1.22"]
[White "Mossong, Hubert"]
[Black "Murawski, Jan"]
[Result "1/2-1/2"]
[WhiteElo "2070"]
[BlackElo "1999"]
[PlyCount "88"]
[EventDate "2022.10.22"]
[WhiteTeam "Ashfield 1"]
[BlackTeam "Oxford 2"]

1. e4 e5 2. Nf3 Nc6 3. Bb5 Nf6 4. d3 Ne7 5. O-O c6 6. Ba4 Ng6 7. h3 Be7 8. Re1
O-O 9. Nbd2 Qc7 10. Nf1 d5 11. Ng3 Rd8 12. Qe2 dxe4 13. dxe4 Nf4 14. Qf1 a5 15.
c4 Bb4 16. Rd1 Rxd1 17. Bxd1 Be6 18. Be3 Rd8 19. Bc2 b5 20. b3 h6 21. Rd1 Ng6
22. Rxd8+ Qxd8 23. cxb5 cxb5 24. Qxb5 Qc7 25. Bd3 Qc3 26. Bc4 Qa1+ 27. Kh2 Qxa2
28. Bxe6 fxe6 29. Qd3 Kh7 30. Nd2 Nf4 31. Qb1 Qxb1 32. Nxb1 h5 33. f3 h4 34.
Nf1 Nd7 35. Nbd2 Ne2 36. Nc4 Nd4 37. Nfd2 Bxd2 38. Bxd2 Nxb3 39. Bxa5 Nxa5 40.
Nxa5 Kg6 41. Nc6 Kf6 42. Kg1 Nc5 43. Kf2 Nd3+ 44. Kf1 Nf4 1/2-1/2

[Event "4NCL Division Three West"]
[Site "Daventry, ENG"]
[Date "2022.10.22"]
[Round "1.23"]
[White "Phan, Stefanus Kf"]
[Black "Truman, Richard G"]
[Result "1-0"]
[WhiteElo "1963"]
[BlackElo "2024"]
[PlyCount "77"]
[EventDate "2022.10.22"]
[WhiteTeam "Oxford 2"]
[BlackTeam "Ashfield 1"]

1. c4 Nf6 2. g3 g6 3. Bg2 d5 4. cxd5 Nxd5 5. Nc3 Nxc3 6. bxc3 Bg7 7. Nf3 O-O 8.
O-O Nc6 9. Rb1 Qd7 10. Ng5 Qf5 11. Ne4 b6 12. Ba3 Qa5 13. Qc1 Bf5 14. d3 Rac8
15. Nd2 Bd7 16. d4 Rfe8 17. e4 e5 18. d5 Ne7 19. Re1 f5 20. Nc4 Qa6 21. Bf1 b5
22. Ne3 c5 23. d6 Qxd6 24. Rd1 Qe6 25. Rxb5 Bxb5 26. Bxb5 c4 27. Rd6 Qf7 28.
Bd7 Kh8 29. Be6 Qf8 30. Bxc8 Nxc8 31. Rd7 Qf6 32. exf5 gxf5 33. Rc7 f4 34. Nxc4
e4 35. Qxf4 Qxf4 36. gxf4 Bxc3 37. Ne5 Ba5 38. Nf7+ Kg8 39. Nh6+ 1-0

[Event "4NCL Division Three West"]
[Site "Daventry, ENG"]
[Date "2022.10.22"]
[Round "1.24"]
[White "Somton, Anita"]
[Black "Manawadu, Dilhan"]
[Result "1-0"]
[WhiteElo "2043"]
[BlackElo "1995"]
[PlyCount "107"]
[EventDate "2022.10.22"]
[WhiteTeam "Ashfield 1"]
[BlackTeam "Oxford 2"]

1. d4 Nf6 2. Nf3 g6 3. c4 Bg7 4. Nc3 d6 5. e4 O-O 6. Be2 Na6 7. O-O c6 8. Bg5
h6 9. Bh4 g5 10. Bg3 Nh5 11. Qd2 Nxg3 12. hxg3 e5 13. d5 c5 14. Ne1 f5 15. exf5
Bxf5 16. Nc2 Qd7 17. Ne3 Bh7 18. Bg4 Qe7 19. Be6+ Kh8 20. Nb5 Nc7 21. Nxc7 Qxc7
22. g4 Rf4 23. Qe2 Qb6 24. Nf5 Bxf5 25. gxf5 Qb4 26. b3 Rf8 27. Rad1 a6 28. Rd3
b5 29. cxb5 Qxb5 30. Qc2 Rh4 31. g3 Rd4 32. Re3 Qa5 33. Re2 Qb5 34. Kg2 Bf6 35.
Rh1 Kg7 36. Rd2 Rh8 37. Qd1 Qe8 38. Rxd4 exd4 39. Qe2 h5 40. Qxa6 Qe7 41. a4
Rb8 42. Qd3 Qe8 43. Qf3 g4 44. Qd3 Rb4 45. a5 Qb8 46. Rxh5 Rxb3 47. Qd2 Kf8 48.
Qh6+ Bg7 49. Qg6 Rxg3+ 50. Kh2 Rh3+ 51. Rxh3 Be5+ 52. Kg2 gxh3+ 53. Kxh3 Qc7
54. f6 1-0